Odborný slovník česko-anglický z oblasti ekonomické, finanční a právní

Salvato in:
Dettagli Bibliografici
Autore principale: Oherová, Jana
Natura: Libro
Lingua:ceco
inglese
Pubblicazione: Praha Linde 2001
Edizione:3. rozš. vyd.
Soggetti:
Tags: Aggiungi Tag
Nessun Tag, puoi essere il primo ad aggiungerne!!

MARC

LEADER 00000nam a2200000 4500
001 0168395
005 20160627121034.1
020 |a 80-7201-248-7 
041 0 |a cze 
041 0 |a eng 
044 |a CZ 
245 1 0 |a Odborný slovník česko-anglický z oblasti ekonomické, finanční a právní  |c Jana Oherová a kol. 
250 |a 3. rozš. vyd. 
264 1 |a Praha  |b Linde  |c 2001 
300 |a 1102 s. 
610 2 0 |a jazykoveda 
610 2 0 |a jazyky cudzie 
610 2 0 |a terminológia 
610 2 0 |a ekonómia 
610 2 0 |a financie 
610 2 0 |a právo 
100 1 |a Oherová, Jana